000 01479nam0a22003371 4500
001 RU\NLR\A1SV\20140
005 20251203171251.9
035 _a(NLR Aleph) 009705087
090 _a9805993
_c9805993
100 _a20100322d1922 u y0rusy50 ca
101 0 _arus
102 _aRU
200 1 _aФизика в летних экскурсиях
_eПособие для един. труд. школы и для самообразования
_fМ.Ю.Пиотровский, проф. I-го Петрогр. пед. ин-та
210 _aПг.
_c"Сеятель" Е.В.Высоцкого
_d1922
215 _aVIII, 144 с.
_cил.
_d24 см
451 1 _1001RU\NLR\A1SV\20141
_99805998
_aПиотровский, М.Ю. (1883-)
_cЛ.
_d1925
_e2-е изд.
_fМ.Ю.Пиотровский, проф. I-го Ленингр. пед. ин-та
_n"Сеятель" Е.В.Высоцкого
_oПособия для един. труд. школы и для самообразования
_pXVI, 151 с.
_tФизика в летних экскурсиях
620 _dСанкт-Петербург
700 1 _aПиотровский
_bМ.Ю.
_f1883-
_gМихаил Юлианович
801 0 _aRU
_bNLR
_c20100322
852 _aNLR
_j133/52
852 _aNLR
_j17.142.5.72
899 _aАКУНБ
899 _aКирОУНБ
899 _aРГБ
899 _aСПбГУ
899 _aСамОУНБ
899 _aМГУ
942 _cBOOK
980 _aNB
980 _aA1SV